00651nab a2200193uuc4500001000800000005001700008008004100025035001200066035002100078040001300099041000800112100004300120245004500163300001300208650004800221650001300269700003200282773014300314108496420240202084628.0080611e19900801 spa  a1084964 a(OCoLC)820420036 ccomduadb aspa10aCepeda Diaz Granados, Lilian4auteaut10aGerencia de recursos materiales en salud ap. 65-67 aAdministracion de materiales en el hospital aGerencia10aCastrillon, Jaime4auteaut0 tSalud Uninorte : Revista de la División de Ciencias de la Salud (Barranquilla)gVol. 06-07, No. 02, Ago. 1990w399375x0120-55520119117